[Event "CZE-chT2D 1011"]
[Site "Czech Republic"]
[Date "2010.12.05"]
[Round "4"]
[White "Hosek, Milan"]
[Black "Skerik, Karel"]
[Result "1-0"]
[WhiteElo "2304"]
[BlackElo "2053"]
[PlyCount "91"]
[EventDate "2010.10.17"]
[EventType "team-tourn"]
[EventRounds "11"]
[EventCountry "CZE"]
[SourceTitle "EXT 2012"]
[Source "ChessBase"]
[SourceDate "2011.11.24"]
[SourceVersion "1"]
[SourceVersionDate "2011.11.24"]
[SourceQuality "1"]
[WhiteTeam "Polabiny II"]
[BlackTeam "Litomysl"]
[WhiteTeamCountry "CZE"]
[BlackTeamCountry "CZE"]

1. e4 c6 2. d4 d5 3. e5 Bf5 4. Ne2 e6 5. Nf4 h6 6. Nd2 Nd7 7. Nf3 Ne7 8. Bd3 Bxd3 9. Qxd3 Qa5+ 10. Bd2 Qb5 11. Qxb5 cxb5 12. Bb4 a5 13. Bd6 Rc8 14. Kd2 Nb6 15. b3 g6 16. Nd3 Nd7 17. Nc5 Nxc5 18. dxc5 Nc6 19. Rhe1 Kd7 20. c3 Bg7 21. Nd4 Nxd4 22. cxd4 h5 23. h4 Bh6+ 24. Kd3 Rcg8 25. Rh1 Rh7 26. Rh3 Rgh8 27. Rf3 Rc8 28. a3 Ke8 29. Rh1 Rg7 30. Rf6 Rh7 31. Rf3 Bg7 32. Re1 Bh6 33. Re2 Rh8 34. Re1 Rg8 35. Ra1 Rh8 36. Rd1 Rh7 37. Rg1 Bg7 38. g4 hxg4 39. Rxg4 Rh5 40. Rgf4 Rf5 41. Rxf5 exf5 42. h5 Bf8 43. hxg6 fxg6 44. Rh3 Kd7 45. Rh7+ Kc6 46. Rh8 1-0

[Event "CZE-chT2D 1011"]
[Site "Czech Republic"]
[Date "2010.11.21"]
[Round "3"]
[White "Hrubes, Pavel"]
[Black "Skerik, Karel"]
[Result "1-0"]
[WhiteElo "2164"]
[BlackElo "2053"]
[PlyCount "84"]
[EventDate "2010.10.17"]
[EventType "team-tourn"]
[EventRounds "11"]
[EventCountry "CZE"]
[SourceTitle "EXT 2012"]
[Source "ChessBase"]
[SourceDate "2011.11.24"]
[SourceVersion "1"]
[SourceVersionDate "2011.11.24"]
[SourceQuality "1"]
[WhiteTeam "Vysoke Myto"]
[BlackTeam "Litomysl"]
[WhiteTeamCountry "CZE"]
[BlackTeamCountry "CZE"]

1. c4 Nf6 2. Nc3 e5 3. e4 Nc6 4. g3 Bc5 5. Bg2 d6 6. h3 Be6 7. d3 Nd4 8. Nge2 c6 9. 0-0 a6 10. Nxd4 Bxd4 11. Ne2 Ba7 12. Kh2 h5 13. f3 h4 14. g4 g5 15. b3 Rg8 16. d4 exd4 17. Nxd4 Qc7 18. Nxe6 fxe6 19. f4 d5 20. exd5 0-0-0 21. Qe2 exd5 22. Qe6+ Nd7 23. cxd5 Bd4 24. Rb1 Rde8 25. Qf5 Re2 26. Qd3 Rxg2+ 27. Kxg2 c5 28. fxg5 Qd6 29. Bf4 Qxd5+ 30. Qf3 Qf7 31. Rbe1 Re8 32. Re4 Qg6 33. Rxd4 cxd4 34. Rc1+ Kd8 35. Bc7+ Kc8 36. Be5+ Kd8 37. Bxd4 Qe4 38. Bf6+ Nxf6 39. gxf6 Qe2+ 40. Qxe2 Rxe2+ 41. Kf3 Re6 42. g5 b6 1-0

[Event "CZE-chT2D 0910"]
[Site "Czech Republic"]
[Date "2010.03.14"]
[Round "9.1"]
[White "Hrabusa, Matej"]
[Black "Skerik, Karel"]
[Result "1-0"]
[WhiteElo "2287"]
[BlackElo "2094"]
[PlyCount "53"]
[EventDate "2009.10.18"]
[EventType "team-tourn"]
[EventRounds "11"]
[EventCountry "CZE"]
[SourceTitle "EXT 2012"]
[Source "ChessBase"]
[SourceDate "2011.11.24"]
[SourceVersion "1"]
[SourceVersionDate "2011.11.24"]
[SourceQuality "1"]
[WhiteTeam "Polabiny II"]
[BlackTeam "Litomysl"]
[WhiteTeamCountry "CZE"]
[BlackTeamCountry "CZE"]

1. e4 c6 2. d4 d5 3. Nc3 dxe4 4. Nxe4 Bf5 5. Nc5 Qc8 6. Nf3 b6 7. Nb3 Nf6 8. g3 e6 9. Bg2 Nbd7 10. 0-0 Bd6 11. Re1 Qc7 12. Ne5 Nd5 13. Qe2 Rc8 14. a3 0-0 15. c4 Ne7 16. Bd2 Bc2 17. Nc1 c5 18. Nxd7 Qxd7 19. dxc5 Bxc5 20. Bc3 Bf5 21. Nb3 Qc7 22. Rad1 Rfd8 23. Nxc5 Qxc5 24. b4 Qc7 25. Be5 Rxd1 26. Rxd1 Qxc4 27. Qxc4 1-0